000
00281nam a22001337a 4500
008
181107b xxu||||| |||| 00| 0 eng d
020
_a
053403360
041
_a
eng
080
_a
101
100
_a
24
101
_a
FIL
245
_a
Moral Dilemmas
_c
Purtill,R.L
942
_2
udc
_c
BK
999
_c
52076
_d
52076